BIBLIOTECA

SENCICO

Estructuras metálicas de acero : Cálculos fundamentales y tablas auxiliares (Registro nro. 977)

Detalles MARC
000 -LEADER
fixed length control field 00862nam a2200241Ia 4500
005 - DATE AND TIME OF LATEST TRANSACTION
control field 20251020182455.0
008 - FIXED-LENGTH DATA ELEMENTS--GENERAL INFORMATION
fixed length control field 200515s9999 xx 000 0 und d
020 ## - INTERNATIONAL STANDARD BOOK NUMBER
International Standard Book Number 84-283-1283-4
082 ## - DEWEY DECIMAL CLASSIFICATION NUMBER
Classification number 624.014.2/L26
100 ## - MAIN ENTRY--PERSONAL NAME
Personal name Larburu Arrizabalaga, Nicolás
245 #0 - TITLE STATEMENT
Title Estructuras metálicas de acero : Cálculos fundamentales y tablas auxiliares
260 ## - PUBLICATION, DISTRIBUTION, ETC.
Place of publication, distribution, etc. Madrid
260 ## - PUBLICATION, DISTRIBUTION, ETC.
Name of publisher, distributor, etc. Paraninfo
260 ## - PUBLICATION, DISTRIBUTION, ETC.
Date of publication, distribution, etc. 1983
300 ## - PHYSICAL DESCRIPTION
Extent 387 p.
300 ## - PHYSICAL DESCRIPTION
Other physical details il., tbl., graf.
500 ## - GENERAL NOTE
General note 1 ejemplar
520 ## - SUMMARY, ETC.
Summary, etc. Condiciones fundamentales de las estructuras metálicas de acero laminado y en la que se calculan todos los elementos que la configuran. Además incluye consideraciones sobre resistencia de materiales, todas ellas aplicadas al acero, destacando la composici
650 ## - SUBJECT ADDED ENTRY--TOPICAL TERM
Topical term or geographic name entry element ACERO
650 ## - SUBJECT ADDED ENTRY--TOPICAL TERM
Topical term or geographic name entry element ESTRUCTURAS METALICAS
942 ## - ADDED ENTRY ELEMENTS (KOHA)
Koha item type Libros
Existencias
Fecha de la última vez que lo usaron Pago total Signatura topográfica completa Código de barras Precio efectivo desde Tipo de documento Estado perdido Estado dañado No es para préstamo Retirado Ubicación permanente Ubicación actual Fecha de adquisición
15/05/2020   624.014.2/L26 Bib-Lima15050977 15/05/2020 Libros         Biblioteca Central Lima Biblioteca Central Lima 15/05/2020